[Event "Speed Chess Championship 2020"]
[Site "Online"]
[Date "2020.11.19"]
[Round "2.10"]
[White "Duda, Jan-Krzysztof"]
[Black "So, Wesley"]
[Result "0-1"]
[WhiteElo "2743"]
[BlackElo "2816"]
[Annotator "TA"]
[PlyCount "40"]
[EventDate "2020.10.31"]
[EventType "k.o."]
[EventCountry "NET"]
[SourceTitle "playchess.com"]
[Source "ChessBase"]
[SourceQuality "1"]

{[%evp 14,40,-4,-21,-10,-26,0,-19,0,0,0,0,0,-27,-12,-55,-45,-49,-58,-95,-103,-241,-202,-191,-198,-428,-418,-29994,-29995]} 1. d4 Nf6 2. c4 e6 3. Nc3 Bb4 4. e3 O-O 5. Bd3 d5 6. cxd5 exd5 7. a3 Bd6 8. Nge2 Re8 {E48: Nimzo-Indian: Rubinstein: 5 Bd3 d5 including 6 Ne2, but excluding 6 a3.} 9. Qc2 a6 {[#]} 10. h3 $146 ({Predecessor:} 10. b4 b6 11. O-O Bb7 12. Rb1 Qe7 13. h3 Nbd7 14. b5 a5 15. a4 Rac8 16. Qb3 {1-0 (39) Milov,V (2680)-Riff,J (2474) Kemer 2007}) 10... b6 {[%cal Bb7b6,Bb6c5,Bc5c4][%mdl 32] The position is equal.} 11. b4 Nbd7 12. O-O c5 13. bxc5 bxc5 14. Rb1 c4 15. Bf5 g6 16. Bxd7 Bxd7 17. g4 {[#]} (17. Ng3 $17 {might work better.}) 17... Nxg4 $1 {[%mdl 512]} 18. hxg4 {next f3 is good for White.} Qh4 {[%csl Gd6][%cal Rh4h2]} 19. Ng3 $2 (19. f4 Qxg4+ 20. Kh1) 19... Bxg4 $19 {( -> ...Bf3)} 20. Rb6 ({Don't go for} 20. Nxd5 $2 Bf3 $19) (20. f4 $19 Qxg3+ 21. Qg2 Rxe3 22. Nxd5 Qxg2+ 23. Kxg2 Bh3+ 24. Kh2) 20... Bf3 {Black took control after the opening.  Weighted Error Value: White=0.83/Black=0.08} 0-1

[Event "Speed Chess Championship 2020"]
[Site "Online"]
[Date "2020.12.05"]
[Round "2.10"]
[White "Artemiev, Vladislav"]
[Black "Carlsen, Magnus"]
[Result "1/2-1/2"]
[WhiteElo "2708"]
[BlackElo "2862"]
[Annotator "TA"]
[PlyCount "194"]
[EventDate "2020.10.31"]
[EventType "k.o."]
[EventCountry "NET"]
[SourceTitle "playchess.com"]
[Source "ChessBase"]
[SourceQuality "1"]

{[%evp 9,194,14,14,7,11,-14,-14,-8,-11,-14,-6,-33,-30,-38,-34,-33,-27,-37,-25,-29,-14,-12,0,-4,65,49,52,33,63,71,62,72,91,121,92,101,99,96,104,81,156,156,143,145,181,170,175,130,121,132,126,113,110,82,82,82,82,0,82,0,82,-6,-3,-4,-4,-3,-3,-3,-4,-7,0,0,0,0,0,0,0,0,0,0,0,0,0,0,0,0,0,0,0,0,0,0,0,0,0,0,0,0,0,-8,0,0,0,-8,0,0,0,0,0,0,0,0,0,0,0,0,0,0,0,0,0,0,0,0,0,0,0,0,0,0,0,0,0,0,0,0,0,0,0,0,0,0,0,0,0,0,0,0,0,0,5,0,0,0,4,0,0,0,0,0,0,0,0,0,0,0,0,0,0,0,0,0,0,0,0,0,0,0,0,-8,-8,-8,-8,-8,-8,-8,0]} 1. b3 c5 2. Bb2 Nc6 3. e3 d6 4. Nf3 Nf6 5. c4 e5 6. d3 {A04: Unusual lines after 1 Nf3 and King's Indian Attack.} g6 7. Be2 Bg7 8. O-O O-O 9. Nc3 d5 10. cxd5 Nxd5 11. Rc1 Nxc3 12. Bxc3 b6 {[#]} 13. a3 $146 ({Predecessor:} 13. Qd2 Bb7 14. Qb2 Qe7 15. a3 Rfe8 16. Rfe1 a5 17. Bf1 b5 18. Qa1 a4 19. bxa4 Rxa4 {1-0 (32) Cherednichenko,D (2304)-Maneluk,D (2201) Voronezh 2019}) 13... a5 14. Nd2 Ba6 15. Qc2 Rc8 16. Qb1 Qc7 (16... Re8 $11) 17. b4 $14 axb4 18. axb4 {[#] And now b5 would win.} cxb4 19. Bxb4 Rfd8 20. Ne4 Qd7 {[%cal Ra6d3]} 21. Bd6 Bb7 22. Qxb6 Ba8 23. h3 h6 {and if ...f5 works, Black does fine.} 24. Ba3 Qa7 (24... Rb8 $142 25. Qa6 Nb4 26. Nf6+ Bxf6 27. Qxf6 Re8) 25. Qxa7 $16 Nxa7 26. Be7 Rxc1 27. Rxc1 Rc8 28. Ra1 Bxe4 29. dxe4 Nc6 30. Bc5 Bf8 31. Bb6 Rb8 32. Bc7 Rc8 33. Bb6 Rb8 34. Bc7 ({Better is} 34. Ba5 $16) 34... Rb7 (34... Rc8 $1 $11 {keeps the balance.} 35. Bb6) 35. Rc1 (35. Ba5 $1 $16) 35... Rxc7 $11 {The position is equal.} 36. Bb5 Nd4 37. Rxc7 Nxb5 38. Rc6 Nd6 39. f3 f6 40. Kf2 Kf7 41. g4 h5 42. gxh5 gxh5 43. Rc7+ Be7 44. Kg3 Ne8 45. Ra7 Ng7 46. Rb7 Ne6 47. Kf2 Nc5 48. Ra7 Ke6 49. Ke2 Nd7 50. Ra6+ Kf7 51. Ra7 Nf8 52. Ra8 Ne6 53. Kf2 h4 54. Kg2 Bf8 55. Ra7+ Kg6 56. Ra8 Bh6 57. Kf2 Ng5 58. Kg2 Ne6 59. Kf2 Bg5 60. Rg8+ Kf7 61. Rc8 Ke7 62. Ke2 Kd6 63. Ra8 Kc5 64. Rc8+ Kd6 65. Ra8 Nc7 66. Ra4 Ne6 67. Ra6+ Ke7 68. Ra7+ Ke8 69. Ra8+ Kf7 70. Ra7+ Kg6 71. Ra5 Bh6 72. Kf2 Ng5 73. Kg2 Nf7 74. Kf2 Nd6 {Hoping for ...Bxe3+!} 75. Rc5 Kf7 76. Rc7+ Ke6 77. Rc6 Kd7 78. Rc5 Bf8 {[#] White must now prevent ...Nxe4+!} 79. Ra5 Nc4 80. Ra7+ Ke6 81. Ra6+ Bd6 82. Rc6 Na5 83. Rc8 Be7 84. Rh8 f5 85. Rh6+ Bf6 86. exf5+ Kxf5 87. Rh7 Nc4 88. Rc7 Nd6 89. Rc5 Nf7 90. f4 Nd6 {Threatens to win with ...Ne4+.} 91. Kf3 Ne4 92. Rd5 Ng3 93. fxe5 Bxe5 94. e4+ Nxe4 95. Rxe5+ Kxe5 96. Kg4 Nf2+ 97. Kxh4 Nxh3 {Black defended with fortune. Accuracy: White = 91%, Black = 94%.} 1/2-1/2

[Event "Speed Chess Championship 2020"]
[Site "Online"]
[Date "2020.12.03"]
[Round "2.10"]
[White "Fedoseev, Vladimir"]
[Black "Nakamura, Hikaru"]
[Result "1/2-1/2"]
[WhiteElo "2676"]
[BlackElo "2736"]
[Annotator "TA"]
[PlyCount "91"]
[EventDate "2020.10.31"]
[EventType "k.o."]
[EventCountry "NET"]
[SourceTitle "playchess.com"]
[Source "ChessBase"]
[SourceQuality "1"]

{[%evp 9,91,-10,-12,-11,-7,-27,20,-1,12,-35,-15,-38,-33,-91,-41,-32,-38,-50,-37,-40,-50,-70,-57,-74,-72,-73,-77,-69,-75,-77,-89,-151,-153,-152,-152,-155,-109,-149,-151,-153,-153,-153,-153,-146,-118,-127,0,0,0,0,0,0,0,0,0,0,0,0,0,0,0,0,0,0,0,0,0,0,0,0,0,0,0,0,0,0,0,0,0,0,0,0,0,0]} 1. Nf3 d5 2. g3 g6 3. Bg2 Bg7 4. c4 dxc4 5. Na3 Nc6 6. Nxc4 {A09: Réti Opening: 1 Nf3 d5 2 c4.} e5 7. d3 Be6 8. O-O Nge7 {[#]} 9. Bg5 $146 ({Predecessor:} 9. Bd2 O-O 10. Rc1 a5 11. b3 Qd7 12. Bc3 f6 13. Qc2 Bh3 14. Rfd1 Bxg2 15. Kxg2 Nd5 16. Bb2 {1-0 (54) Shimanov,A (2587)-Xu,X (2582) Moscow 2019}) 9... e4 (9... O-O {is more complex.} 10. Rc1 f6 11. Bd2 a5 12. b3 Qd7) 10. Nfd2 exd3 11. Bxe7 (11. Bxc6+ $15 bxc6 12. Re1) 11... Qxe7 (11... dxe2 {with more complications.} 12. Qxe2 Qxe7 13. Bxc6+ bxc6 14. Rac1 O-O) 12. Bxc6+ bxc6 13. exd3 O-O 14. Qc2 Rad8 15. Rfe1 Qd7 16. Ne5 Bxe5 17. Rxe5 Qxd3 18. Qxd3 Rxd3 19. Ne4 Rfd8 20. f4 (20. Ra5 $142) 20... Rd1+ $17 21. Rxd1 Rxd1+ {[%mdl 4096] Endgame KRB-KRN} 22. Kf2 Bxa2 23. Nc3 Rd2+ {[%mdl 64] [#] Double Attack} 24. Re2 Rxe2+ 25. Kxe2 {KB-KN} Bd5 26. Ke3 Kg7 27. Kd4 Kf6 (27... Bg2 $17 28. Ke5 h6) 28. Nxd5+ $11 {The position is equal.} cxd5 29. Kxd5 {KP-KP} Kf5 30. Kc6 {And now b4 would win.} Kg4 31. Kxc7 Kh3 32. Kb7 Kxh2 33. Kxa7 Kxg3 {K3P-KPP} (33... h5 $5 34. b4 $8 Kxg3 $11) 34. b4 h5 $1 {[%cal Rh5h4] [#] aiming for ...h4.} (34... Kxf4 $2 35. b5 $18) 35. f5 $1 {[%mdl 512]} h4 ({Not} 35... gxf5 $2 36. b5 $18) 36. fxg6 fxg6 {KPP-KP} 37. b5 {b6 is the strong threat.} h3 (37... Kg2 $5 38. b6 $8 h3 $11) 38. b6 {Threatens to win with b7.} h2 (38... Kf2 $5 39. b7 $8 h2 $11) 39. b7 h1=Q {( -> ...Qxb7+!)} (39... Kf2 $5 40. b8=Q $8 h1=Q 41. Qb6+ Kg3 $11) 40. b8=Q+ {KQ-KQ} Kg4 (40... Kf2 $5 {[%cal Rh1a1]} 41. Qb6+ Kg3 $11) 41. Qc8+ $1 Kg5 42. Qd8+ Kg4 43. Qc8+ Kg5 44. Qd8+ Kf5 45. Qf8+ Kg4 46. Qc8+ $1 {Whites escaped into a draw.  Weighted Error Value: White=0.10/Black=0.09} 1/2-1/2

[Event "Speed Chess Championship 2020"]
[Site "Online"]
[Date "2020.12.05"]
[Round "2.11"]
[White "Carlsen, Magnus"]
[Black "Artemiev, Vladislav"]
[Result "0-1"]
[WhiteElo "2862"]
[BlackElo "2708"]
[Annotator "TA"]
[PlyCount "132"]
[EventDate "2020.10.31"]
[EventType "k.o."]
[EventCountry "NET"]
[SourceTitle "playchess.com"]
[Source "ChessBase"]
[SourceQuality "1"]

{[%evp 9,132,18,56,14,27,37,18,25,19,0,40,33,33,33,45,25,17,26,34,0,27,6,41,0,0,-29,47,44,43,50,90,60,65,72,93,93,91,65,93,82,93,45,48,49,37,10,10,11,54,53,58,-23,-16,-142,-143,-244,-245,-241,-241,-235,-232,-387,-249,-263,-256,-262,-256,-262,-258,-248,-251,-351,-358,-362,-299,-299,-291,-263,-256,-310,-282,-283,-266,-284,-282,-293,-285,-275,-275,-29962,-29966,-29967,-29968,-29968,-175,-168,0,-29969,-29969,-29970,-29964,-29970,0,-29970,-29963,-29963,-29964,-29963,-29964,-29964,-29965,-29966,-29967,-29968,-29969,-29969,-29970,-29970,-29971,-29971,-29972,-29975,-29976,-29980,-29981]} 1. d4 Nf6 2. c4 g6 3. f3 Nc6 4. d5 Ne5 5. e4 d6 6. Nc3 {E60: King's Indian: Unusual lines and Fianchetto Variation without Nc3.} Bg7 7. f4 Ned7 8. Nh3 {The position is equal.} O-O 9. Be2 c6 10. Nf2 cxd5 11. cxd5 b5 12. Bxb5 Rb8 13. O-O Nc5 14. Be2 {[#]} Qb6 $146 ({Predecessor:} 14... Nfd7 15. Nb5 Qb6 16. Be3 Ba6 17. a4 Bxb2 18. Rb1 Bg7 19. Qd2 Bxb5 20. Bxb5 Qc7 {1-0 (45) Wen,Y (2550)-Gopal,G (2562) Ho Chi Minh City 2012}) 15. Kh1 Qb4 {[%cal Rf6e4]} 16. a3 Qb3 17. Rb1 Bd7 (17... Qxd1 $11 18. Rxd1 Ng4 19. Nxg4 Bxc3) 18. e5 $36 {[%mdl 2048] White fights for an advantage.} Ne8 19. Be3 Bf5 20. Qxb3 Nxb3 21. Bd3 (21. Bxa7 Ra8 $15) 21... dxe5 22. Bxf5 (22. Bxa7 Rb7 $11) 22... gxf5 {[#]} 23. fxe5 $1 (23. Bxa7 $6 Rb7 $15) 23... Bxe5 24. Nd3 Bg7 25. Bxa7 Rb7 26. Be3 Nd6 27. Nc5 Nxc5 28. Bxc5 Rc8 29. Bb4 Nc4 {With the idea ...Nd2.} 30. Rbc1 (30. Rfe1 $14) 30... Nxb2 $11 {Threatens to win with ...Nd3.} 31. d6 (31. Na2 $11 {remains equal.} Rxc1 32. Nxc1) 31... Nd3 $17 32. Nd5 (32. Rb1 $17) 32... Nxc1 $19 (32... Rxc1 33. Rxc1 exd6 34. Rc8+ Bf8 35. Kg1 $11) 33. Nxe7+ {[#]} Rxe7 $1 34. dxe7 {And now Re1 would win.} Nd3 35. Bd6 $2 (35. Ba5 {was called for.} f6 36. Bb6) 35... Be5 36. Bxe5 Nxe5 {[%mdl 4096] Endgame KRN-KR} 37. Kg1 Ng6 38. Rxf5 Nxe7 39. Rf1 Ra8 40. Ra1 Ra4 41. Kf2 Nc6 42. Rc1 Ne5 {aiming for ...Nd3+.} 43. Rc3 Kg7 44. h3 Nc4 45. Rg3+ Kf6 46. Rg4 h5 ({And not} 46... Rxa3 47. Rxc4 h5 48. Rc7 $11) 47. Rh4 Kg5 ({Not} 47... Rxa3 48. Rxc4 Kg5 49. Rc7 $11) 48. Rd4 Nb6 ({Inferior is} 48... Rxa3 49. Rxc4 Ra2+ 50. Kf3 $11) 49. Rxa4 $2 (49. Rd3 $19) 49... Nxa4 {KN-K3P} 50. Ke3 f6 51. Ke4 Nc3+ $2 (51... f5+ {mates} 52. Kf3 f4 53. g3 fxg3 54. Kxg3 Kg6 55. Kg2 Kf6 56. Kg3 Kg5 57. Kf3 Nb6 58. Kg3 h4+ 59. Kf3 Kf5 60. Ke2 Kf4 61. Kf2 Na4 62. Kg2 Ke3 63. Kf1 Kf3 64. Ke1 Kg3 65. Kd2 Kxh3 66. Kd3 Kg3 67. Kc4 h3 68. Kb4 Nb6 69. a4 Nc8 70. Kc5 h2 71. Kc4 h1=Q 72. Kc5 Qh5+ 73. Kd4 Qa5 74. Kd3 Nd6 75. Kd4 Kf3 76. Kd3 Qc5 77. Kd2 Ne4+ 78. Kd1 Qc3 79. a5 Nf2#) 52. Kd3 Na4 $2 (52... Nd5 $19 53. a4 Kh4) 53. Ke4 f5+ 54. Kf3 Nc3 55. Ke3 Na4 56. Kf3 $1 Nb6 {Black mates.} 57. g3 Na4 58. Ke3 Nc5 59. Kf3 Kf6 60. Kf4 Ne6+ 61. Ke3 {Cut Off at move 61} Ke5 62. a4 Kd5 63. a5 Kc5 64. Kf3 Kb5 65. g4 fxg4+ 66. hxg4 h4 {Weighted Error Value: White=0.33/Black=0.40} 0-1

[Event "Speed Chess Championship 2020"]
[Site "Online"]
[Date "2020.11.19"]
[Round "2.11"]
[White "So, Wesley"]
[Black "Duda, Jan-Krzysztof"]
[Result "1/2-1/2"]
[WhiteElo "2816"]
[BlackElo "2743"]
[Annotator "TA"]
[PlyCount "119"]
[EventDate "2020.10.31"]
[EventType "k.o."]
[EventCountry "NET"]
[SourceTitle "playchess.com"]
[Source "ChessBase"]
[SourceQuality "1"]

{[%evp 17,119,22,22,27,29,21,20,10,25,12,10,8,13,2,31,0,30,0,18,12,21,27,24,7,25,27,67,39,42,21,41,22,37,27,27,27,27,29,28,30,38,35,47,22,29,18,16,0,0,0,0,-12,0,0,0,0,0,0,0,0,0,-8,-4,-4,-4,-14,-14,-37,0,-45,-29,-29,0,-71,-8,-29,-29,-29,-29,-42,-10,-12,-12,-14,-12,-14,-14,-22,-8,-8,-5,-8,-8,-8,-8,-8,0,0,8,8,0,0,0,-8]} 1. d4 Nf6 2. c4 e6 3. Nc3 Bb4 4. Qc2 d5 5. a3 Bxc3+ 6. Qxc3 Ne4 7. Qc2 c5 8. dxc5 Nc6 9. Nf3 Qa5+ 10. Bd2 {E37: Nimzo-Indian: Classical: 4...d5 5 a3 Bxc3+ 6 Qxc3 Ne4.} Nxd2 11. Nxd2 Qxc5 12. b4 Qe7 13. e3 O-O 14. Bd3 h6 15. O-O Ne5 16. cxd5 exd5 {[#]} 17. Rac1 $146 ({Predecessor:} 17. Nb3 Be6 18. Rac1 Rfc8 19. Qe2 Nc4 20. e4 Ne5 21. Bb1 Rxc1 22. Rxc1 Rc8 23. f4 Ng6 24. exd5 Bxd5 25. Qxe7 Nxe7 26. Nd4 Nc6 27. Nxc6 Bxc6 28. Bd3 {½-½ (28) Krcal,M (2206)-Priborsky,J (2337) Havlickuv Brod 2006}) 17... Be6 18. Qc3 Qf6 19. Be2 Rfc8 20. Qd4 Rxc1 21. Rxc1 Nd7 22. Qxf6 Nxf6 23. Rc7 Rb8 24. Bb5 a6 25. Ba4 Rc8 26. Rxc8+ ({But not} 26. Rxb7 $2 Rc1+ 27. Nf1 Bf5 $19) 26... Bxc8 $11 {[%mdl 4096] Endgame KBN-KBN} 27. Kf1 Kf8 28. Ke2 Ke7 29. Kd3 Kd6 30. f3 Ng8 31. Kd4 Ne7 32. g4 g5 33. h3 Be6 34. e4 f6 35. b5 axb5 36. Bxb5 b6 37. a4 Ng6 38. exd5 Bxd5 39. Bc4 Bc6 40. Bb5 Bb7 41. Bd3 Nf4 42. Bf1 Bd5 43. Bc4 Bc6 44. Bb5 Bb7 45. Bf1 {[#]} h5 (45... Ne6+ $1 $17 46. Ke3 Bd5) 46. gxh5 Nxh5 47. Bd3 Nf4 48. Bf5 Bc6 49. Nc4+ $1 {The position is equal.} Kc7 50. a5 bxa5 51. Nxa5 Bxf3 {...Bg2 is the strong threat.} 52. h4 Bh5 53. hxg5 fxg5 54. Nc4 Kd8 55. Nd6 Ke7 56. Ne4 g4 57. Ke5 Ng6+ 58. Bxg6 Bxg6 59. Kf4 Bxe4 60. Kxg4 {Weighted Error Value: White=0.07/Black=0.09} 1/2-1/2

[Event "Speed Chess Championship 2020"]
[Site "Online"]
[Date "2020.12.03"]
[Round "2.11"]
[White "Vachier-Lagrave, Maxime"]
[Black "Aronian, Levon"]
[Result "1-0"]
[WhiteElo "2784"]
[BlackElo "2781"]
[Annotator "TA"]
[PlyCount "69"]
[EventDate "2020.10.31"]
[EventType "k.o."]
[EventCountry "NET"]
[SourceTitle "playchess.com"]
[Source "ChessBase"]
[SourceQuality "1"]

{[%evp 12,69,16,8,14,8,12,12,12,13,17,13,15,7,31,6,2,0,4,0,7,0,8,0,0,0,-16,-13,0,4,0,0,14,-12,16,0,5,7,0,0,0,0,0,0,86,97,604,588,623,621,604,605,29990,29991,29991,29992,29992,29993,29993,29991]} 1. e4 e5 2. Nf3 Nc6 3. Bc4 Bc5 4. O-O Nf6 5. d3 d6 6. c3 O-O 7. Re1 $1 {[%mdl 4] is now more promising than 7.Bb3.} a5 {C54: Giuoco Piano: 4 c3 Nf6, main lines with 5 d4 and 5 d3.} 8. Nbd2 {[%cal Bb1d2,Bd2f1,Bf1e3,Be3c4][%mdl 32]} Be6 9. Bb5 Qb8 {The position is equal.} 10. Nf1 Qa7 11. Be3 {[#] Hoping for d4.} Bxe3 12. Nxe3 {[#]} a4 $146 ({Predecessor:} 12... Qb6 13. a4 Ng4 14. Qd2 Nxe3 15. Rxe3 Ne7 16. d4 Ng6 17. Ng5 c6 18. Bf1 Rad8 19. Nxe6 fxe6 {1-0 (57) Adams,M (2701)-Anton Guijarro,D (2703) Biel 2020}) 13. Bc4 Bxc4 14. Nxc4 b5 15. Ne3 Rfe8 16. Qc2 b4 17. Rad1 Qb7 18. Nd5 Nxd5 19. exd5 b3 20. axb3 ({But not} 20. dxc6 $2 bxc2 21. cxb7 cxd1=Q $19) 20... axb3 21. Qd2 Ne7 22. c4 (22. d4 $5 {[%cal Rd4e5]}) 22... Ra2 23. Qc3 Rb8 24. d4 f6 25. dxe5 dxe5 26. d6 $36 {[%mdl 2048] Black is under pressure.} cxd6 27. Rxd6 Kf7 (27... Qa7 $11) 28. c5 $16 Qb4 $2 {[%mdl 8192] [#] This costs Black the game.} (28... Kf8 $16) 29. Nxe5+ $1 $18 {[%mdl 512]} fxe5 30. Qxe5 Ra7 {Black wants to play ...Kg8.} 31. Rd4 Qb5 {...Kg8 would now be nice for Black.} 32. Qe6+ {White mates.} Kf8 33. Rf4+ Ke8 34. c6 {[%cal Re6g8]} Kd8 35. Qd6+ {Weighted Error Value: White=0.03/Black=0.65} 1-0

[Event "Speed Chess Championship 2020"]
[Site "Online"]
[Date "2020.12.03"]
[Round "2.11"]
[White "Nakamura, Hikaru"]
[Black "Fedoseev, Vladimir"]
[Result "1-0"]
[WhiteElo "2736"]
[BlackElo "2676"]
[Annotator "ChessBase"]
[PlyCount "47"]
[EventDate "2020.10.31"]
[EventType "k.o."]
[EventCountry "NET"]
[SourceTitle "playchess.com"]
[Source "ChessBase"]
[SourceQuality "1"]
[TimeControl "180+1"]

1. d4 {[%emt 0:00:01]} g6 {[%emt 0:00:01]} 2. e4 {[%emt 0:00:00]} Bg7 {[%emt 0:00:00]} 3. Nc3 {[%emt 0:00:01]} d6 {[%emt 0:00:00]} 4. f4 {[%emt 0:00:00]} Nf6 {[%emt 0:00:03]} 5. Nf3 {[%emt 0:00:02]} O-O {[%emt 0:00:00]} 6. Be2 {[%emt 0:00:00]} e5 {[%emt 0:00:02]} 7. dxe5 {[%emt 0:00:13]} dxe5 {[%emt 0:00:01]} 8. Qxd8 {[%emt 0:00:00]} Rxd8 {[%emt 0:00:01]} 9. Nxe5 {[%emt 0:00:01]} Na6 {[%emt 0:00:03]} 10. Nd3 {[%emt 0:00:07]} c5 {[%emt 0:00:06]} 11. a3 {[%emt 0:00:04]} b6 {[%emt 0:00:19]} 12. e5 {[%emt 0:00:04]} Ne8 {[%emt 0:00:02]} 13. Bf3 {[%emt 0:00:02]} Rb8 {[%emt 0:00:03]} 14. Be3 {[%emt 0:00:01]} Nec7 {[%emt 0:00:06]} 15. O-O-O {[%emt 0:00:02]} Bf5 {[%emt 0:00:04]} 16. Nf2 {[%emt 0:00:02]} h5 {[%emt 0:00:02]} 17. Nfe4 {[%emt 0:00:04]} Ne6 {[%emt 0:00:14]} 18. Nd6 {[%emt 0:00:09]} Bg4 {[%emt 0:00:01]} 19. Bxg4 {[%emt 0:00:05]} hxg4 {[%emt 0:00:00]} 20. Ncb5 {[%emt 0:00:01]} Ra8 {[%emt 0:00:13]} 21. g3 {[%emt 0:00:11]} Nac7 {[%emt 0:00:02]} 22. Nc3 {[%emt 0:00:06]} f5 {[%emt 0:00:05]} 23. Rd2 {[%emt 0:00:11]} g5 {[%emt 0:00:06]} 24. Nxf5 {[%emt 0:00:02]} 1-0

[Event "Speed Chess Championship 2020"]
[Site "Online"]
[Date "2020.12.03"]
[Round "2.12"]
[White "Aronian, Levon"]
[Black "Vachier-Lagrave, Maxime"]
[Result "0-1"]
[WhiteElo "2781"]
[BlackElo "2784"]
[Annotator "TA"]
[PlyCount "82"]
[EventDate "2020.10.31"]
[EventType "k.o."]
[EventCountry "NET"]
[SourceTitle "playchess.com"]
[Source "ChessBase"]
[SourceQuality "1"]

{[%evp 9,82,16,14,16,18,-15,0,-9,-3,-16,-17,-88,-91,-154,-127,-240,-233,-235,-231,-249,-242,-242,0,0,0,-243,-243,-242,-241,-239,-218,-223,-214,-238,-214,-208,-142,-270,-270,-331,-191,-318,-298,-312,-316,-273,-254,-252,-223,-225,-210,-383,-375,-384,-374,-397,-406,-394,-399,-396,-395,-408,-414,-480,-457,-492,-446,-419,-413,-595,-585,-569,-554,-467,-254]} 1. b3 Nf6 2. Bb2 g6 3. c4 Bg7 4. g3 O-O 5. Bg2 d6 6. d4 {[#] A15: English Opening: 1...Nf6.} e5 $1 {[%mdl 512]} 7. e3 {[#]} (7. dxe5 Nfd7) 7... exd4 $146 ({Predecessor:} 7... Qe7 8. Ne2 Re8 9. Nbc3 e4 10. Qc2 Bf5 11. h3 h5 12. Nf4 c6 13. a4 Nbd7 {0-1 (53) Kekki,J (2171)-Lehtinen,H (2339) Tampere 2001}) 8. Qxd4 {The position is equal.} Nc6 9. Qd2 Bf5 {Threatening ...Ne4.} 10. Bxc6 (10. Ne2 $11 {remains equal.}) 10... bxc6 $17 11. f3 {[#]} (11. Nc3 $142) 11... Ne4 $1 {[%mdl 512]} 12. Qg2 (12. fxe4 $17 {keeps fighting.} Bxb2 13. Qxb2 Bxe4 14. Nf3 Bxf3 15. O-O) 12... Qg5 $19 13. Bxg7 Qxe3+ ({Inferior is} 13... Kxg7 14. fxe4 Qf6 15. exf5 $14) 14. Qe2 Qc1+ 15. Qd1 Qe3+ 16. Qe2 Qc1+ 17. Qd1 {Black keeps a firm grip on the game.} Qxd1+ 18. Kxd1 Kxg7 19. g4 Nf2+ {[%mdl 64] Double Attack} 20. Ke2 Nxh1 21. gxf5 Rae8+ ({But not} 21... gxf5 22. Kf1) 22. Kf1 Re5 23. Nd2 (23. Nc3 $17) 23... Rfe8 24. fxg6 hxg6 ({Not} 24... fxg6 25. Rd1 $17) (24... Rh5 $142 25. h3 Ng3+ 26. Kf2 Rg5 27. gxh7 Kxh7) 25. Ne4 (25. f4 {was worth a try.} Rf5 26. Kg2) 25... d5 26. cxd5 cxd5 27. Nc5 Rg5 {Hoping for ...Rh8.} 28. Rd1 Re3 29. Nd3 c6 30. Nf4 $2 (30. Rd2 {is a better defense.}) 30... Rc3 31. Nfh3 Re5 {Strongly threatening ...Rc2!} 32. Rd2 Rc1+ 33. Kg2 Ree1 34. Kxh1 Red1 35. Rg2 c5 36. Nf2 Rd2 37. Ng4 Rxg2 38. Kxg2 Rc2+ 39. Kg3 (39. Kf1 {might work better.} Rxa2 40. Ne3) 39... Rxa2 {Black is clearly winning.} 40. Ne5 Rb2 41. Nd3 Rb1 {Accuracy: White = 43%, Black = 80%.} (41... Rc2 $142 42. Nh3 c4 43. bxc4 dxc4) 0-1

[Event "Speed Chess Championship 2020"]
[Site "Online"]
[Date "2020.11.19"]
[Round "2.12"]
[White "Duda, Jan-Krzysztof"]
[Black "So, Wesley"]
[Result "1/2-1/2"]
[WhiteElo "2743"]
[BlackElo "2816"]
[Annotator "TA"]
[PlyCount "59"]
[EventDate "2020.10.31"]
[EventType "k.o."]
[EventCountry "NET"]
[SourceTitle "playchess.com"]
[Source "ChessBase"]
[SourceQuality "1"]

{[%evp 18,59,-5,-20,-18,-27,-5,-28,0,-8,-7,-1,-4,-8,0,0,0,-10,0,4,22,15,16,8,37,42,46,-21,38,45,35,37,47,50,46,0,0,0,0,0,0,0,0,0]} 1. d4 Nf6 2. c4 e6 3. Nc3 Bb4 4. e3 O-O 5. Bd3 d5 6. a3 Bxc3+ 7. bxc3 dxc4 8. Bxc4 c5 9. Ne2 Qc7 10. Ba2 $1 {[%mdl 4] is more profitable than 10.Bd3 at the moment.} b6 {E49: Nimzo-Indian: Rubinstein: 5 Bd3 d5 6 a3 Bxc3+ 7 bxc3.} 11. Bb2 Ba6 12. Rc1 {[#]} Nc6 $146 {Black has an edge.} ({Predecessor:} 12... Rd8 13. c4 cxd4 14. exd4 b5 15. c5 Nc6 16. O-O Ne7 17. Qb3 Rab8 18. Rfe1 Bb7 {0-1 (68) Pasman,M-Rovner,D Riga 1954}) 13. c4 cxd4 14. Nxd4 Rad8 {[#] ...e5 is the strong threat.} 15. Qe2 Nxd4 16. exd4 b5 17. c5 Bb7 18. O-O a6 19. Bb1 Bd5 20. Rfe1 Qc6 21. Rc3 Bc4 22. Qc2 (22. Qd2 $14) 22... Rd5 (22... Rxd4 $11 23. Rg3 Qxc5) 23. Rg3 $14 Rfd8 24. Qc1 {[#] Strongly threatening Qh6!} Kf8 25. Bc2 h6 26. h3 Nh5 {The position is equal.} 27. Rg4 Nf6 28. Rg3 Nh5 29. Rg4 Nf6 30. Rg3 {Weighted Error Value: White=0.11/Black=0.10} 1/2-1/2